An ordinance of the Lords and Commons assembled in Parliament : for an additionall excise or new-impost upon lead. Gold, silver and copper thread. Gold, silver, and copper wyer. Glasses. Lynseed oyle, whale oyle, pilchard, and all other oyles made and spent in the kingdome. Silkes. Sope. Woollen cloth. Lamperns. Die Lunæ, 24. Novemb. 1645.

Bibliographic Details
Corporate Author: England and Wales. Parliament
Format: eBook
Language:English
Published: [London] : Printed by Rich. Cotes and R. Raworth, [1645]
Series:Early English books online.
Subjects:
Online Access:Connect to the full text of this electronic book

MARC

Tag First Indicator Second Indicator Subfields
LEADER 00000nam a2200000 4500
001 in00004342721
005 20200812100751.0
006 m g d
007 cr bn |||a|bb|
008 920317s1645 enk o o00| | eng d
035 |a (UnM)99861187 
037 |a CL0051000002  |b ProQuest Information and Learning. 300 N. Zeeb Rd., Ann Arbor, MI 48106 
040 |a Cu-RivES  |c Cu-RivES  |d CStRLIN  |e dcrb  |d WaOLN 
110 1 |a England and Wales.  |b Parliament. 
245 1 3 |a An ordinance of the Lords and Commons assembled in Parliament :  |b for an additionall excise or new-impost upon lead. Gold, silver and copper thread. Gold, silver, and copper wyer. Glasses. Lynseed oyle, whale oyle, pilchard, and all other oyles made and spent in the kingdome. Silkes. Sope. Woollen cloth. Lamperns. Die Lunæ, 24. Novemb. 1645. 
260 |a [London] :  |b Printed by Rich. Cotes and R. Raworth,  |c [1645] 
300 |a 1 online resource (8 pages) 
336 |a text  |b txt  |2 rdacontent 
337 |a computer  |b c  |2 rdamedia 
338 |a online resource  |b cr  |2 rdacarrier 
500 |a Caption title. 
500 |a Printers' names from colophon; both Cotes and Raworth were working in London in 1645; Thomason copy bound with works from November, 1645. 
500 |a Part of a larger work; first leaf signed: Q. 
500 |a Variant: Q1r and 4v partly in a different setting. Caption title has: .. Gold, silver, and copper wyer. Glasse, and glasses made in the kingdom. Lynseed oyle, .. For payment of the artificers, andc. .. 
500 |a Reproduction of the original in the British Library. 
510 4 |a Thomason  |c E.309[34]. 
533 |a Electronic reproduction.  |b Ann Arbor, Mich. :  |c UMI,  |d 1999-  |f (Early English books online)  |n Digital version of: (Thomason Tracts ; 51:E309[34])  |7 s1999 miun s 
650 0 |a Excise tax  |z England  |v Early works to 1800. 
651 0 |a Great Britain  |x History  |y Civil War, 1642-1649  |x Finance  |v Early works to 1800. 
830 0 |a Early English books online. 
856 4 0 |u http://proxy.library.tamu.edu/login?url=https://search.proquest.com/docview/2240892631  |z Connect to the full text of this electronic book  |t 0 
999 f f |s 07ce486a-578a-3c0e-8265-7c4ed3f1ed8c  |i ed1c5369-654f-3bf1-b25a-e69633148a40  |t 0 
952 f f |a Texas A&M University  |b College Station  |c Electronic Resources  |d Available Online  |t 0  |h No information provided 
998 f f |t 0  |l Available Online